000 00740nam a2200229Ia 4500
001 6136
003 GE_BSU
008 181216s||||||||xx |||||||||||||| ||und||
040 _cGE_BSU
080 _a821.353.1-32
100 _aახვლედიანი, ვახტანგ
245 _aლალი ქვარიანის შეცდომა
245 _bმოთხრობები
245 _cრედ. ო.გოგუაძე
260 _aთბილისი
260 _bსაბჭოთა აჭარა
260 _c1977
300 _a158გვ. 17სმ.
653 _aლალი ქვარიანის შეცდომა
653 _aმოთხრობები
942 _cBK
999 _c39538
_d39538